Drapeaux de pays avec le plus d'orange - Statistiques

Statistiques générales
  • Ce quiz a été pris 38 960 fois
  • Le résultat moyen est 8 sur 10
Statistiques - réponses
Par images Hint Réponse % Correct
33.3% Inde
99%
33.3% Irlande
99%
8.67% Chypre
97%
33.3% Côte d'Ivoire
91%
40.7% Bhoutan
87%
11.4% Sri Lanka
85%
33.3% Arménie
78%
38.5% Niger
66%
9.25% Zambie
57%
10.4% Iles Marshall
50%
Aucun quiz correspondant
Distribution des résultats
% des personnes avec chaque résultat
Percentile par nombre de réponses
Votre historique - résultats
Vous n’avez pas pris ce quiz